000 00453nam a2200181Ia 4500
005 20240823041902.0
008 240823s9999||||xx |||||||||||||| ||und||
041 _aENGLISH
082 _A006.6 N4
100 _aJohn F Koegel Buford
245 0 _aMultimedia Systems
250 _a1st
260 _c1994
_b"Addison Wesley,New York"
500 _aTRANSFERED
650 _aMultimedia Systems
_bInformation Technology
942 _cBK
999 _c206566
_d206566